Pays ayant au moins 13 lettres - Statistiques

Statistiques générales
  • Ce quiz a été pris 838 fois
    813 depuis la dernière actualisation
  • Le résultat moyen est 10 sur 17
Statistiques - réponses
Hint Réponse % Correct
29 République démocratique du congo
81%
23 Papouasie-Nouvelle-Guinée
73%
21 République dominicaine
70%
27 Saint-Vincent-et-les Grenadines
70%
15 Nouvelle Zélande
69%
23 Saint-Christophe-et-Niévès
67%
24 République Centrafricaine
64%
17 République tchèque
62%
14 Arabie Saoudite
57%
16 Antigua-et-Barbuda
55%
15 Trinité-et-Tobago
53%
17 Sao-Tomé-et-Principe
49%
17 Emirats Arabes Unis
48%
17 Guinée Equatoriale
41%
17 Bosnie-Herzégovine
36%
13 Timor Oriental
34%
13 Liechtenstein
31%
Aucun quiz correspondant
Distribution des résultats
% des personnes avec chaque résultat
Percentile par nombre de réponses
Votre historique - résultats
Vous n’avez pas pris ce quiz depuis la dernière actualisation